Регионална библиотека "Любен Каравелов" - Русе

Les nihilistes russes ou la conspiration infernale (Запис номер 391310)

MARC детайли
000 -Лидер
Контролно поле с фиксирана дължина 01366nam a2200325 a 4500
003 - Код на организацията, давaща контролен номер
Контролно поле BLK
005 - Дата и час на последна редакция
Контролно поле 20231027145347.0
008 - Елементи от данни с фиксирана дължина
fixed length control field 180409b bul|||||r ||||||| ||bul||
010 ## - Наследен системен номер
LC control number KNG00119235000
040 ## - Източник на каталожния запис
Идентификатор на билиотеката - собственик на записа BLK
041 ## - Код за език
Код за езика на текст/звукозапис или на отделно заглавие Френски
Код за езика КДБФ Френски
080 ## - УДК
Текстов определител УДК Швейцарска литература
УДК код - определител по УДК 821(494)
УДК определител -3
УДК - код + определител 821(494)-3
100 ## - Редна дума - Автор
Автор Bongard, Edouard
Авторска отговорност първи автор
R(LIN) 435943
139 ## - Редно поле
Редна дума Bongard, Edouard
245 10 - Сведения за заглавието
Заглавие Les nihilistes russes ou la conspiration infernale
Редно поле (дума) Edouard Bongard.
Подзаглавни данни roman contemporain
Том P. 1
257 ## - Страна на издаване
Страна на създаване/издаване Швейцария
260 ## - Област на издателските данни
Име на издателя, разпространителя и проч. F. Artuzzi
Година на издаване 1878
9 (RLIN) 435945
Място на издаване, разпространение и проч. Zurich
300 ## - Физическа характеристика
Страници 480 p.
Размери/Мащаб 16 cm
380 ## - Жанр
Жанр Худож. лит.
490 ## - СЕРИИ (Колекции)
Име на серия Колекция Редки и ценни издания
9 (RLIN) 435080
490 ## - СЕРИИ (Колекции)
Име на серия Лична библиотека на Захари Стоянов
9 (RLIN) 435931
№: серия 55
852 ## - Местоположение
Форматна сигнатура Рф 878 ЗСт
Фондова буква Редки и ценни
856 4# - Електронен адрес и достъп
Електронен формат jpg - файл
Име на файл Текст
Права за достъп Достъп за регистрирани потребители
Път до файла /url/ http://185.138.176.146:18082/cgi-bin/koha/opac-retrieve-file.pl?id=217b8909f05193f853d54d0d04985593
Допълнителна информация (Корица, съдържание, пълен текст, звуков файл, HTML файл) Изображение
Информация за съдържанието Текст 1
856 4# - Електронен адрес и достъп
Електронен формат jpg - файл
Име на файл Текст
Права за достъп Достъп за регистрирани потребители
Път до файла /url/ http://185.138.176.146:18082/cgi-bin/koha/opac-retrieve-file.pl?id=393272fd4991c3aa9f8091c7edb55a4c
Допълнителна информация (Корица, съдържание, пълен текст, звуков файл, HTML файл) Изображение
Информация за съдържанието Текст 2
942 ## - АРТИКУЛИ
Вид на библиотечния материал Книги
Скрит в OPAC Не
Периодичен библиозапис Да
944 ## - СЪЗДАВАНЕ И РЕДАКЦИЯ на ЗАПИСА
Създаване/Редакция Създаване
Дата на регистрацията/редакция 2020-11-05
Служител, извършил регистрацията/редакцията 30542
Статус, дата на статуса Русанова Ирена
999 ## - СИСТЕМНИ КОНТРОЛНИ НОМЕРА
Koha biblionumber 391310
Koha biblioitemnumber 391310
999 ## - СИСТЕМНИ КОНТРОЛНИ НОМЕРА
Koha biblioitemnumber 391310
999 ## - СИСТЕМНИ КОНТРОЛНИ НОМЕРА
Koha biblioitemnumber 391310
999 ## - СИСТЕМНИ КОНТРОЛНИ НОМЕРА
Koha biblioitemnumber 391292
Наличности
Код за отписване Код за изгубен артикул Източник на класификационната схема Код за повреда Коз за рестрикции Код за отдаване Артикулен № Име на библиотеката - собственик Име на библиотеката, в която се намира в момента Статус (Текущо местоположение) Дата на вписване в системата Местоположение - отдел Цена в лева Инвентарен номер Систематично азбучна сигнатура Баркод Цена в евро Служебен тип на артикула
  Не е изгубен Universal Decimal Classification Не е повреден само за читалня Специални фондове ( старопечатни, редки и ценни, фонд М. Арнаудов) 804844 Регионална библиотека "Любен Каравелов" Русе Регионална библиотека "Любен Каравелов" Русе Редки и ценни 2020-11-06 Редки и ценни 0.96 10967-І Рф 878 ЗСт 900000038386 0.49 Книги
Vip Innovations Ltd, Rousse, Bulgaria 2025